00948nam a2200277Ia 450000500170000000800270001702000180004408200160006210000220007824500920010025000180019230000180021049000190022850000420024750400370028965000540032665000530038065000540043394200120048726400330049933600270053233700330055933800280059204000350062099900150065520220317000352.0141031s9999 ck 000 0 spa d a978958303458904a923.2bS18c1 aSáenz, Mauricio10aCaudillosben América Latina nada ha cambiado en doscientos años cMauricio Sáenz a1a. edición a303 páginas aAgenda de hoy  aIncluye datos biográficos del autor aBibliografía páginas 299-303142LEMBaPolíticoszAmérica LatinavBiografías142LEMBaDictadoreszAmérica LatinavBiografías142LEMBaPresidenteszAmérica LatinavBiografías 2ddccBK aBogotábPanamericanac2010 atextobtxt2rdacontent asin mediaciónbn2rdamedia avolumenbnc2rdacarrier aCO-BoRNBPbspaerdacCO-BoRNBP c3849d3849